En grandissant sous Duvalier : (Record no. 11723)

MARC details
000 -LEADER
campo de control de longitud fija 00481nam a2200157 4500
001 - NÚMERO DE CONTROL
campo de control 6738
005 - FECHA Y HORA DE LA ÚLTIMA TRANSACCIÓN
campo de control 20230410101647.0
008 - DATOS DE LONGITUD FIJA--INFORMACIÓN GENERAL
campo de control de longitud fija 060907n1999 dr spa
020 ## - NÚMERO INTERNACIONAL ESTÁNDAR DEL LIBRO
Número Internacional Estándar del Libro 2913980503
035 ## - NÚMERO DE CONTROL DEL SISTEMA
-- funglode6801
050 14 - SIGNATURA TOPOGRÁFICA DE LA BIBLIOTECA DEL CONGRESO
Número de clasificación 110 F 1928 G753 1999
245 0# - MENCIÓN DEL TÍTULO
Título En grandissant sous Duvalier :
Resto del título L'agonie d' un Etat-Nation, sous la direction de Frantz Antonio Leconte
260 ## - PUBLICACIÓN, DISTRIBUCIÓN, ETC.
Lugar de publicación, distribución, etc. Por- au-Prince :
Nombre del editor, distribuidor, etc. C marrons du Savoir,
Fecha de publicación, distribución, etc. 1999
300 ## - DESCRIPCIÓN FÍSICA
Extensión 334 p.
942 ## - ELEMENTOS DE ENTRADA SECUNDARIOS (KOHA)
Fuente del sistema de clasificación o colocación Clasificación de Library of Congress
Tipo de ítem Koha
Holdings
Estatus retirado Estado de pérdida Fuente del sistema de clasificación o colocación Estado de daño No para préstamo Colección Biblioteca de origen Biblioteca actual Ubicación en estantería Fecha de adquisición Serial enumeration / chronology Signatura topográfica completa Código de barras Visto por última vez Tipo de ítem Koha
    Clasificación de Library of Congress     Recursos Regionales Biblioteca Juan Bosch Biblioteca Juan Bosch Recursos Regionales (2do. Piso) 23/10/2018 1 110 F 1928 G753 1999 00000005161 23/10/2018